00722nam a2200205 i 450000100060000000300090000600500170001500700030003200800410003510000320007624500570010826000670016530000220023249000210025465000370027583000290031285200320034199900170037395201260039039841ES-MaACL20230906160106.0t|030304s1958 sp ||||1| spa d1 aCapanaga, Victorino.93477613aEl milagro de las lámparas / cVictorino Capanaga. aMadrid : bEdit. Augustinas, c1958 (fImp. Sagrado Corazón) a373 p. ; c20 cm.1 aAugustinus ; v3 4aMisiones-vMeditaciones.91543800 aAugustinus ; v39229723 aES-MaACLjC-16286 bR.44093 c39841d39841 00104070aATENEOMbATENEOMcGaleríad2008-01-17eSCl0oC-16286p1041953r2023-02-23 00:00:00w2023-02-23yMONOGRAFIA